000 00438nmm a2200157Ia 4500
008 251105s9999||||xx |||||||||||||||||und||
041 _aspa
100 _aZelazny, Roger
245 0 _aDilvish el maldito
264 _a[Madrid, España] :
_bLa Factoría de Ideas,
_c2011
300 _a0 páginas
490 _aFantasía
650 _aScience fiction & Fantasy
856 _uhttps://public.digitaliapublishing.com/a/25436
942 _cCF
999 _c99327
_d99327